Normal view
MARC view
- Sahawneh, Mohannad
Entry Personal Name
001 - CONTROL NUMBER
- control field: 5594
003 - CONTROL NUMBER IDENTIFIER
- control field: JO-AjAnu
005 - DATE AND TIME OF LATEST TRANSACTION
- control field: 20230606071217.0
008 - FIXED-LENGTH DATA ELEMENTS
- fixed length control field: 230606|| aca||aabn | a|a d
040 ## - CATALOGING SOURCE
- Original cataloging agency: JO-AjAnu
- Transcribing agency: JO-AjAnu
100 ## - HEADING--PERSONAL NAME
- Personal name: Sahawneh, Mohannad
670 ## - SOURCE DATA FOUND
- Source citation: Work cat.: (JO-AjAnu)2893: Sahawneh, Mohannad, author, E-Commerce: the jordanian experience